000 01205nji a22003017a 4500
005 20100903161258.0
006 a|||||r|||||00| 0
007 sd ammalaaahaa
008 100830t xxu||||| |||| 00| 0 eng d
028 _aN. 5039
_bEMI
035 _aGR-02784
040 _aSED
_cSED
100 _917455
_aMohd Rafi
245 _aNaunihaal /
_cby mohd Rafi; music by Madan mohan ;lyrics Kaifi azmi
_h[sound recording] :
246 _aनौनिहाल/मोहम्मद रफ़ी द्वारा
260 _aDum Dum, India
_bEMI
300 _a1 sound disc [Gramophone Recording]:
_banalog, 33 1/3 rpm
_c13 in. (LP)
_fGramophone Record
500 _aBrief Record
505 _a Side १ तुम्हारी जुल्फों के साए में (Tumhari julfo ke saaye me)(Mohd Rafi) Side 2 मेरी आवाज़ सुनो( Meri awaz suno) (मोहद Rafi)
650 _aClassical music
_zIndia
_91186
_xExcerpts
700 _917416
_aMohan, Madan
700 _917456
_aKaifi Azmi
700 _919067
700 _919087
700 _919088
942 _2ddc
_cGR
999 _c46054
_d46054